000
00315nam a2200121Ia 4500
008
190415s9999 xx 000 0 und d
082
_a
RL.0004
100
_a
Lele, Jayant
245
0
_a
Varkari sampradaya : An exploration in the revolutionary potential of tradition
260
_c
0
300
_a
17p.
942
_c
BK
999
_c
22692
_d
22692